Zákon o dani z pridanej hodnoty s komentárom

Zákon o dani z pridanej hodnoty č. 255/2003 Z.z. Zavedenie jednej sadzby dane 19 percent.

Gespeichert in:
Bibliographische Detailangaben
1. Verfasser: Zuziková, Alena
Format: Buchkapitel
Sprache:Slowakisch
Schlagworte:
Tags: Tag hinzufügen
Keine Tags, Fügen Sie das erste Tag hinzu!

MARC

LEADER 00000naa$a2200000$$$4500
001 0004212
005 20230919094526.6
041 0 |a slo 
044 |a SK 
245 1 0 |a Zákon o dani z pridanej hodnoty s komentárom  |c aut. Alena Zuziková 
520 |a Zákon o dani z pridanej hodnoty č. 255/2003 Z.z. Zavedenie jednej sadzby dane 19 percent. 
610 2 0 |a dane z hodnoty pridanej 
610 2 0 |a zákony 
610 2 0 |a novelizácia 
610 2 0 |a Slovensko 
610 2 0 |a komentáre 
610 2 0 |a 2003 
100 1 |a Zuziková, Alena